№ 6; Металлург

Detalles Bibliográficos
Parent link:Металлург: научно-технический журнал. № 6.— , 1926-1928, 1930-1940
Lenguaje:ruso
Publicado: 1935
Formato: MixedMaterials Libro
KOHA link:https://koha.lib.tpu.ru/cgi-bin/koha/opac-detail.pl?biblionumber=507822

MARC

LEADER 00000nam2a2200000 4500
001 507822
005 20231101103528.0
035 |a (RuTPU)RU\TPU\prd\179563 
035 |a RU\TPU\prd\179553 
090 |a 507822 
100 |a 20130530b1935 k y0rusy50 ca 
101 0 |a rus 
102 |a RU 
200 0 |a № 6 
210 |d 1935 
461 1 |0 (RuTPU)RU\TPU\prd\250  |t Металлург  |o научно-технический журнал  |v № 6  |d 1926-1928, 1930-1940 
801 0 |a RU  |b 63413507  |c 20010227  |g PSBO 
801 1 |a RU  |b 63413507  |c 20130530 
801 2 |a RU  |b 63413507  |c 20130530  |g RCR 
942 |c BK 
999 |a НТБ_ТПУ  |b НФ  |e -4/20130109  |p П-1734  |u 0,00  |v 1